| 000 | 00721nam a2200217 u 4500 | ||
|---|---|---|---|
| 005 | 20210223131010.0 | ||
| 008 | 090527s2006 es r 000 0 spa d | ||
| 020 | _a8420468886 | ||
| 035 | _aUPN01000170722 | ||
| 049 | _aI | ||
| 050 | 4 |
_aPZ71 _bB7.28 |
|
| 100 | 1 |
_aBrezina, Thomas, _d1963- _931149 |
|
| 245 | 1 | 3 |
_aEl aullido del hombre lobo : _b18 casos + tarjeta descodificadora / _cThomas Brezina ; tr. de Frank Schleper. |
| 260 |
_aMadrid : _bAlfaguara, _c2006. |
||
| 300 |
_a118 p. : _bil. |
||
| 440 | 3 |
_aEl club detective ; _v2 |
|
| 534 |
_pTÃtulo original: _tDie Knickerbocker bande |
||
| 650 | 4 |
_aCUENTOS INFANTILES AUSTRIACOS _912943 |
|
| 650 | 4 |
_aDETECTIVES - _vLITERATURA INFANTIL _912470 |
|
| 905 | _aInfantil | ||
| 999 |
_c142827 _d142827 |
||